000
00300nam a22001337a 4500
008
171227b xxu||||| |||| 00| 0 eng d
020
_a
9780060432430
041
_a
eng
080
_a
37
100
_a
45
101
_a
EDU
245
_a
TEACHING ELEMENTARY SCIENCE
_c
IVANY.G.J.W
942
_2
udc
_c
BK
999
_c
39452
_d
39452